A study of the effects of differentces in time elapsing between pulling and transplanting seedlings on the growth and yield of rice in kampong leav district prey veng province (Record no. 510)

000 -LEADER
fixed length control field 00531nam a22001577a 4500
003 - CONTROL NUMBER IDENTIFIER
control field OSt
005 - DATE AND TIME OF LATEST TRANSACTION
control field 20150915153544.0
008 - FIXED-LENGTH DATA ELEMENTS--GENERAL INFORMATION
fixed length control field 150915b xxu||||| |||| 00| 0 eng d
040 ## - CATALOGING SOURCE
Transcribing agency RUA
082 ## - DEWEY DECIMAL CLASSIFICATION NUMBER
Classification number AGR SAM 2003 B029 Or.1
100 ## - MAIN ENTRY--PERSONAL NAME
9 (RLIN) 532
Personal name SAM CHAMNAN
245 ## - TITLE STATEMENT
Title A study of the effects of differentces in time elapsing between pulling and transplanting seedlings on the growth and yield of rice in kampong leav district prey veng province
260 ## - PUBLICATION, DISTRIBUTION, ETC. (IMPRINT)
Place of publication, distribution, etc. phnom penh
Name of publisher, distributor, etc. RUA
Date of publication, distribution, etc. 2003
300 ## - PHYSICAL DESCRIPTION
Extent 48p.
Dimensions ill.
Size of unit 29cm.
942 ## - ADDED ENTRY ELEMENTS (KOHA)
Source of classification or shelving scheme
Koha item type AGR
Holdings
Price effective from Date last seen Permanent Location Not for loan Date acquired Source of classification or shelving scheme Koha item type Barcode Lost status Damaged status Withdrawn status Current Location Full call number
2015-09-152015-09-15Library Block B 2015-09-15 AGRRUA001314   Library Block BAGR SAM 2003 B029 Or.1
2015-09-152015-09-15Library Block B 2015-09-15 AGRRUA001242   Library Block BAGR SAM 2003 B029 Or.2
2015-09-152015-09-15Library Block B 2015-09-15 AGRRUA001531   Library Block BAGR SAM 2003 B029 Or.3
2015-09-152015-09-15Library Block B 2015-09-15 AGRRUA001603   Library Block BAGR SAM 2003 B029 Or.4
2015-09-152015-09-15Library Block B 2015-09-15 AGRRUA001170   Library Block BAGR SAM 2003 B029 Or.5
មជ្ឈមណ្ឌលឯការនៃសាកលវិទ្យាល័យភូមិន្ទកសិកម្មចំការដូង

Powered by Koha